Las artes / (Record no. 196908)

MARC details
000 -LEADER
campo de control de longitud fija 00974nam a2200277 i 4500
001 - NÚMERO DE CONTROL
campo de control 196908
003 - IDENTIFICADOR DE NÚMERO DE CONTROL
campo de control ES-MaACL
005 - FECHA Y HORA DE LA ÚLTIMA TRANSACCIÓN
campo de control 20251019063101.0
007 - CAMPO FIJO DE DESCRIPCIÓN FÍSICA--INFORMACIÓN GENERAL
campo de control de longitud fija t|
008 - DATOS DE LONGITUD FIJA--INFORMACIÓN GENERAL
campo de control de longitud fija 250127s1946 sp ||||1| spa d
040 ## - FUENTE DE CATALOGACIÓN
Lengua de catalogación spa
Centro/agencia transcriptor ES-MaACL
100 1# - ENTRADA PRINCIPAL--NOMBRE DE PERSONA
Nombre de persona Van Loon, Hendrik Willem,
Fechas asociadas al nombre 1882-1944
9 (RLIN) 170485
245 14 - MENCIÓN DEL TÍTULO
Título Las artes /
Mención de responsabilidad, etc. libro escrito e ilustrado por Hendrik Willem van Loon; traducción Mario Ruiz Ferrán.
250 ## - MENCION DE EDICION
Mención de edición 3a ed.
260 ## - PUBLICACIÓN, DISTRIBUCIÓN, ETC.
Lugar de publicación, distribución, etc. Barcelona :
Nombre del editor, distribuidor, etc. Miracle,
Fecha de publicación, distribución, etc. 1946.
300 ## - DESCRIPCIÓN FÍSICA
Extensión 722 p., 25 lám., 47 lám. col. :
Otras características físicas il. ;
Dimensiones 25 cm.
336 ## - TIPO DE CONTENIDO
Fuente rdacontent
Término de tipo de contenido texto
337 ## - TIPO DE MEDIO
Fuente rdamedia
Nombre/término del tipo de medio sin mediación
338 ## - TIPO DE SOPORTE
Fuente rdacarrier
Nombre/término del tipo de soporte volumen
700 0# - ENTRADA AGREGADA--NOMBRE PERSONAL
Nombre de persona Ruiz Ferrán, Mario
9 (RLIN) 100798
852 ## - LOCALIZACIÓN
Ubicación ES-MaACL
Número de control de estantería G-16081
Sublocalización o colección R.153054
Ubicación en estantería Depósito 2
Donativo/Legado Donación: Carlos D'Ors
itemnumber 204571
903 ## - NOMBRE PERSONAL DE DONANTE
9 87369
a Ors Führer, Carlos d'
e Donante
942 ## - ELEMENTOS DE ENTRADA SECUNDARIOS (KOHA)
Fuente del sistema de clasificación o colocación Clasificación decimal universal
Tipo de ítem Koha Libro impreso
Suprimir en OPAC No
Holdings
Estatus retirado Estado de pérdida Fuente del sistema de clasificación o colocación Estado de daño No para préstamo Biblioteca de origen Biblioteca actual Ubicación en estantería Fecha de adquisición Fuente de adquisición Total de préstamos Signatura topográfica completa Código de barras Visto por última vez Precio de reemplazo Tipo de ítem Koha
    Clasificación decimal universal     Biblioteca del Ateneo de Madrid Biblioteca del Ateneo de Madrid Depósito 2 27/01/2025 Donación   G-16081 101229384 27/01/2025 27/01/2025 Libro impreso